ম্যাসেজ : (Record no. 12485)
[ view plain ]
| 000 -LEADER | |
|---|---|
| fixed length control field | 00785nam a2200217 a 4500 |
| 001 - CONTROL NUMBER | |
| JCCL Control Number | 12485 |
| 003 - CONTROL NUMBER IDENTIFIER | |
| JCCL marc code | BD-JhCC |
| 005 - DATE AND TIME OF LATEST TRANSACTION | |
| control field | 20221013134023.0 |
| 008 - FIXED-LENGTH DATA ELEMENTS--GENERAL INFORMATION | |
| fixed length control field | 220305s2021 bg |||| |||| 000 0 mul d |
| 035 ## - SYSTEM CONTROL NUMBER | |
| system control number | (BD-JhCC)12485 |
| 040 ## - CATALOGING SOURCE | |
| Original cataloging agency | BD-JhCC |
| Modifying agency | BD-JhCC |
| 041 ## - LANGUAGE CODE | |
| Language code of Book | Bangla and Arabic |
| 082 ## - DEWEY DECIMAL CLASSIFICATION NUMBER | |
| Classification number | 297.74 |
| Author mark and Year | AZH 2021 |
| 100 ## - MAIN ENTRY--PERSONAL NAME | |
| Personal name | আযহারি, মিজানুর রহমান |
| 245 ## - TITLE STATEMENT | |
| Title | ম্যাসেজ : |
| Remainder of title | আধুনিক মননে দ্বীনের ছোঁয়া / |
| Statement of responsibility, etc | মিজানুর রহমান আযহারি |
| 260 ## - PUBLICATION, DISTRIBUTION, ETC. (IMPRINT) | |
| Place of publication, distribution, etc | ঢাকা : |
| Name of publisher, distributor, etc | গার্ডিয়ান, |
| Date of publication, distribution, etc | ২০২১ । |
| 300 ## - PHYSICAL DESCRIPTION | |
| Pagination | ২৯৬ পৃ. : |
| Dimensions | ২২ সেমি. |
| 650 ## - SUBJECT ADDED ENTRY--TOPICAL TERM | |
| Topical term or geographic name as entry element | Dawah |
| 650 ## - SUBJECT ADDED ENTRY--TOPICAL TERM | |
| Topical term or geographic name as entry element | Religious Life--- Islam |
| 942 ## - ADDED ENTRY ELEMENTS (KOHA) | |
| Source of classification or shelving scheme | Dewey Decimal Classification |
| Koha item type | Books |
| Koha issues (borrowed), all copies | 5 |
| Source of classification or shelving scheme | Damaged status | Not for loan | Home library | Current library | Shelving location | Date of accession | Cost, normal purchase price | Total Checkouts | Full call number | Barcode | Checked out | Date last seen | Date checked out | Copy number | Koha item type |
|---|---|---|---|---|---|---|---|---|---|---|---|---|---|---|---|
| Dewey Decimal Classification | JCC Rouf Library | JCC Rouf Library | General Stacks | 08/01/2021 | 275.00 | 8 | 297.74 AZH 2021 | 17103 | 02/18/2026 | 01/25/2026 | 01/25/2026 | C-1 | Books |